| 000 | 00814nas a2200241 4500 | ||
|---|---|---|---|
| 001 | BR9208394 | ||
| 003 | BR-BrBNA | ||
| 005 | 20231205093109.0 | ||
| 007 | ta | ||
| 008 | 230509b bl.|||p| |||| 00| 00por d | ||
| 040 |
_aBR-BrBNA _bpor _cBiblioteca Nacional de Agricultura |
||
| 041 | _a(Pt) | ||
| 072 | _aF63 | ||
| 100 | 1 | _aAlencar, J. de C. | |
| 245 | 1 | _aEstudos silviculturais de uma populacao natural de Copaifera multijuga Hayne, Leguminosae, na Amazonia Central; 4. interpretacao de dados fenologicos em relacao a elementos climaticos | |
| 650 | _aCOPAIBA | ||
| 650 | _aFLORACAO | ||
| 650 | _aMATURACAO | ||
| 650 | _aFRUTO | ||
| 773 | 0 |
_tActa Amazonica (Brazil) _xISSN 0044-5967 _g(Jul-Dec 1988), v. 18(3-4) p. 199-209 _wBR9208394 |
|
| 909 |
_a202311 _bLúcia _c55 _dLúcia Elande |
||
| 942 |
_2AGRIS _n0 _cANA |
||
| 999 |
_c136214 _d136214 |
||